| 000 | 00687cam a2200145ua 4500 | ||
|---|---|---|---|
| 041 |
_aeng _h |
||
| 082 |
_a631.352 _bIND/SP |
||
| 110 | 1 |
_aIndian Standards Institution . _b _c() |
|
| 245 |
_aSpecification for cylinder type hand lawn mower, IS7825(Part 2)-1975 / _cIndian Standards Institution. _hTextual Documents |
||
| 250 |
_a1 / _b. |
||
| 260 |
_aNew Delhi : _bIndian Standards Institution , _c1976. |
||
| 300 | _a11 ; . | ||
| 942 | _cBK | ||
| 999 |
_c7963 _d7963 |
||